The Army officer's guide /

Bibliographic Details
Main Author: Harkins, Paul D. (Paul Donal), 1904-1984
Other Authors: Harkins, Philip, 1912-
Format: Book
Language:English
Published: New York : McGraw-Hill, [1951]
Subjects:

MARC

Tag First Indicator Second Indicator Subfields
LEADER 00000cam a2200000 4500
001 in00000056829
005 20151008050917.0
008 750711s1951 nyu 00000 eng u
010 |a  51011779  
035 |a (OCoLC)01444499 
035 |9 AAG4234AM 
040 |c JPL  |d OCL  |d TXA  |d UtOrBLW 
049 |a TXAM  |c [197760]  |a TXAS [mil]  |c 2 
050 0 0 |a U133  |b .H3 
082 0 |a 355 
092 |a 355  |b H282a 
100 1 |a Harkins, Paul D.  |q (Paul Donal),  |d 1904-1984. 
245 1 4 |a The Army officer's guide /  |c by Paul D. Harkins and Philip Harkins. 
264 1 |a New York :  |b McGraw-Hill,  |c [1951] 
300 |a xiv, 545 pages :  |b illustrations, maps. ;  |c 24 cm. 
336 |a text  |b txt  |2 rdacontent 
337 |a unmediated  |b n  |2 rdamedia 
338 |a volume  |b nc  |2 rdacarrier 
610 1 0 |a United States.  |b Army  |v Officers' handbooks. 
700 1 |a Harkins, Philip,  |d 1912- 
999 |a MARS 
999 f f |s f01b35aa-7f9a-3f94-9e2b-6f2aca7b5546  |i 144ca569-fad0-3dea-b563-166ee24388d5  |t 0 
952 f f |p ric  |a Texas A&M University  |b Rellis Campus  |c Joint Library Facility  |d Remote Storage  |t 0  |e U133 .H3  |h Library of Congress classification  |i unmediated -- volume  |m A14800801958 
952 f f |p noncirc  |a Texas A&M University  |b College Station  |c Cushing Memorial Library & Archives  |d Cushing: Ragan Military (Does not check out)  |t 0  |e U133 .H3  |h Library of Congress classification  |i unmediated -- volume 
998 f f |a U133 .H3  |t 0  |l Remote Storage 
998 f f |a U133 .H3  |t 0  |l Cushing: Ragan Military (Does not check out)